000
00386nam a22001697a 4500
003
MPLRDC
005
20220104123653.0
008
210129b ||||| |||| 00| 0 eng d
082
_a
414.8 PGQ
100
_a
彭光卿辑
245
_a
时病分证表
_c
250
_a
再版
260
_a
_b
上海中医书局
_c
1946
300
_b
平
650
_a
医话
942
_c
BK
_o
414.8 PGQ
999
_c
13263
_d
13253